000 00774nam a22001697a 4500
003 NUST
082 _a621.382,FAR
100 _aFarooqi, Ahsan Ali
_9132909
245 _aA Massive MIMO Antenna for 4G and 5G Communication /
_cAhsan Ali Farooqi, Irfan Haider, Muhammad Abdullah Sohail and Ali Zain Amjad (BETE-54 / TCC-29)
260 _aRawalpindi
_bMCS (NUST)
_cJune, 2021
300 _axiii, 75 p.;
505 _aIntroduction (Page-1), Literature Review (Page-23), Design and Development (Page-33), simulated and Measured Results of antenna System (Page-40), Future Work and Conclusion (Page-60), References (Page-62).
650 _aUG Project
_9131132
651 _aBETE-54 / TC-29
_9132910
700 _aSupervised by Lecturer Maryam Rasool
_9132869
942 _2ddc
_cPR
999 _c615937
_d615937